000 00210nam a2200085Ia 4500
008 170617s9999 xx 000 0 und d
100 _aTurner
245 0 _aScreening Method in Pharmacology 2 Vol Set
260 _bElesvir Pub
260 _c2009
999 _c15374
_d15374